Everything Formula 1 Quiz - Statistics

General Stats
  • This quiz has been taken 270 times
    264 since last reset
  • The average score is 10 of 15
Answer Stats
Question Answer % Correct
Who was the first driver to win more than five World championships? Juan Manuel Fangio
91%
Who is the only driver from South Africa to ever win a Formula 1 championship? Jody Schekter
88%
Which is the most well-known rivalry in the history of the sport? Prost - Senna
84%
Which of these tracks host the US GP? Austin
81%
How many Germans have won a Formula 1 World title? 3
78%
Which country hosted the first ever official Grand Prix? England
78%
Who was the first driver to win a Formula 1 RACE? Giuseppe Farina
75%
Where is Denny Hulme from? New Zealand
75%
How many "Hill's" have been world champions? 3
72%
Which of these Formula 1 legends has NOT owned a Formula 1 team? Jim Clark
72%
Which driver was killed in an aciddent in the famous Parabolica corner in Monza, 1961? Wolfgang Von Trips
66%
Who was the first Britt to win a world championship? Mike Hawthorn
63%
Which company has made the official Formula 1 game? Codemasters
38%
Which driver firstly tested positive for COVID-19? Sergio Pérez
28%
Racing Point have changed their name multiple times, but what was their first name? Spyker
9%
No matching quizzes found
Score Distribution
Percent of People with Each Score
Percentile by Number Answered
Your Score History
You have not taken this quiz since the last reset